000 00502cam a2200205ua 4500
001 10698
005 20260515114642.0
008 190327n ii |||gr||||Z||||||eng
020 _a9789382956808
040 _cMAIN
082 _a339
100 _aK C Rana,
_eAuthor.
245 _aMacro economics analysis
250 _a11th ed.
260 _aJalandhar:
_bVishal publishing,
_c2016.
300 _a717p.
653 _aMacroeconomics & related topics
700 _aK N Verma,
_eAuthor.
942 _cBK
999 _c9659
_d9659